000 00572nam a22001695i 4500
001 53626
003 ES-MaACL
005 20230906162812.0
007 t|
008 960701s1868 sp ||||1| spa d
040 _aCAM
_bspa
_cCAM
100 1 _aFeito y Martín, Gabriel.
_949135
245 1 0 _aColonia penitenciaria ó Casa correccional moralizadora
_b: memoria presentada al gobierno provisional /
_cpor Gabriel Feito y Martín.
260 _aMadrid :
_b[s.a.],
_c1868 (
_fImprenta de Manuel Minuesa)
300 _a14, [2] p. ;
_c21 cm.
852 _aES-MaACL
_jT-1262-F-7
999 _c53626
_d53626